| 000 | 00558nam a2200181Ia 4500 | ||
|---|---|---|---|
| 008 | 150610s9999 xx 000 0 und d | ||
| 020 | _a9780545152938 | ||
| 050 |
_aPZ7 _b.T54 2010 v.7 |
||
| 100 | _aLerangis, Peter. | ||
| 245 | 4 |
_aThe viper's nest / _cPeter Lerangis. |
|
| 260 |
_aNew York : _bScholastic Inc., _c2010. |
||
| 300 |
_a190pages ; _c20 cm. |
||
| 440 |
_aThe 39 clues ; book 7 _vv.7 |
||
| 520 | _aJuvenile fiction. | ||
| 650 | _aCode and cipher stories | ||
| 650 |
_aFamily secrets _xJuvenile fiction. |
||
| 650 |
_aOrphans _xJuvenile fiction. |
||
| 999 |
_c287822 _d287822 |
||